2º seminario internacional de paltos

সংরক্ষণ করুন:
গ্রন্থ-পঞ্জীর বিবরন
বিন্যাস: গ্রন্থ
ভাষা:স্প্যানিশ
প্রকাশিত: Viña del Mar Sociedad Gardiazábal y Magdahl Ltda 2004
বিষয়গুলি:
ট্যাগগুলো: ট্যাগ যুক্ত করুন
কোনো ট্যাগ নেই, প্রথমজন হিসাবে ট্যাগ করুন!

MARC

LEADER 00000nam a2200000 a 4500
001 UCK2300
003 CL-VaPUC
005 20220823074210.0
008 041229e20040000cl 1 spa d
082 0 4 |a 634.653  |b SEM  |2 21 
245 1 0 |a 2º seminario internacional de paltos 
260 |a Viña del Mar  |b Sociedad Gardiazábal y Magdahl Ltda  |c 2004 
300 |a pág. irreg 
500 |a Incluye: 
500 |a Variedades y portainjertos en california; Polinización en California; Relación entre pre y post cosecha de la palta, de Mary Lu Arpaia 
500 |a Biología de la polinización; Polinización en Israel, de Gad Ish-Am 
500 |a Nuevas plagas en California; Reingeniería en el palto, de Reuben Hofshi 
500 |a Industria Nueva Zelanda, de Jonathan Cutting 
500 |a Variedades en Sudáfrica; Portainjertos en Sudáfrica; Cultivo orgánico, de Stefan Köhne 
500 |a Plagas en Chile, de Eugenio López 
500 |a Clima, suelo y agua; Fertilización y riego, de Francisco Gardiazábal 
500 |a Industria de la palta, de Christian Magdahl 
500 |a Fenología del palto; Poda y reguladores de crecimiento en Chile, de Francisco Mena 
500 |a Exportaciones a Europa, de Ignacio Cifuentes 
583 |a last modification  |c 20190823 10:37:46  |k Rodrigo Vera 
650 0 0 |a Paltas (Aguacates)   |9 264279 
650 0 0 |a Fruticultura  |9 259678 
650 0 0 |a Postcosecha  |9 325633 
650 0 0 |a Industria agrícola   |9 264819 
650 0 7 |a COMERCIO INTERNACIONAL  |2 CL-VaPUC  |9 620669 
650 0 7 |a PLAGAS  |2 CL-VaPUC  |9 264624 
942 |c BK 
945 |a cmena  |d 20041229 00:00:00 
546 |a En Español 
536 |a Agroriego 
536 |a Valent BioSciences 
536 |a Soquimich 
536 |a Safex 
536 |a Criadero de Arboles Huerto California 
518 |p Seminario Internacional de Paltos, 2, Viña del Mar, 29-30 de septiembre a 1° de octubre de 2004 
999 |c 384104  |d 384102 
952 |0 0  |1 0  |4 0  |6 634_653000000000000_SEM_2004  |7 0  |8 A  |9 506573  |a BIBAGR  |b BIBAGR  |d 2020-01-23  |i 4088042  |l 1  |o 634.653 SEM 2004  |p 4088042  |r 2025-01-20  |s 2024-05-13  |w 2020-01-23  |y BK  |k AGR 
952 |0 0  |1 0  |4 0  |6 634_653000000000000_SEM_2004  |7 0  |8 A  |9 506574  |a BIBAGR  |b BIBAGR  |d 2020-01-23  |i 4088050  |l 1  |o 634.653 SEM 2004  |p 4088050  |r 2025-01-20  |s 2024-05-13  |w 2020-01-23  |y BK  |k AGR 
952 |0 0  |1 0  |4 0  |6 634_653000000000000_SEM_2004  |7 0  |8 A  |9 506575  |a BIBAGR  |b BIBAGR  |d 2020-01-23  |i 4088069  |l 2  |o 634.653 SEM 2004  |p 4088069  |r 2025-01-20  |s 2024-05-13  |w 2020-01-23  |y BK  |k AGR